000 00947nam a2200229 a 4500
001 12816
003 BD-JhCC
005 20230515202307.0
008 230515s2022 b a|||| |||| 000 0 be d
020 _a9789847768946
035 _a(BD-JhCC)12816
040 _aBD-JhCC
_dBD-JhCC
041 _aben
082 _a923.1
_bKRI 2022
245 _aক্রীড়াঙ্গন থেকে রণাঙ্গন :
_bশহিদ জুয়েল বীর বিক্রম স্মারকগ্রন্থ /
_nগ্রন্থনায় রুবিনা হোসেন
260 _aঢাকা :
_bবাংলাদেশ ক্রিকেট সাপোর্টাস অ্যাসোসিয়েশন,
_bঐতিহ্য,
_c২০২২
300 _a৩৪২ পৃ. :
_c২২ সেমি.
600 _aJuwel, Sohid
650 _aSports
700 _aহোসেন, রুবিনা
942 _2ddc
_cBK
999 _c12816
_d12816